Darts Spieler nach Bildern - #3 - Statistiken

Allgemein
  • Dieses Quiz wurde 146 mal gespielt
  • Das Durchschnittsergebnis liegt bei 12 aus 16
Antwortstatistiken
Bildquiz Antwort % Korrekt
Nathan Aspinall
100%
Chris Dobey
91%
Damon Heta
89%
Danny Noppert
89%
Gian van Veen
82%
Daryl Gurney
81%
Scott Williams
80%
Niko Springer
79%
Joe Cullen
78%
Simon Whitlock
78%
Mike de Decker
75%
Dirk van Duijvenbode
74%
Ian White
69%
Mervyn King
67%
Martin Lukeman
62%
John Part
50%
Keine übereinstimmenden Quizze gefunden
Verteilung der Resultate
Anzahl Personen mit jedem Resultat
Perzentil nach korrekt beantworteten Fragen
Ihre Resultats-Entwicklung
Sie haben dieses Quiz noch nicht gespielt